000 00548cam a22001933a 4500
001 44614
003 PGUSA
005 20140828084022.0
008 140107s2014||||xxu|||||s|||||000 | eng d
040 _aPGUSA
_beng
042 _adc
245 1 0 _aProgress of Western Education in China and Siam
_h[electronic resource] /
_cVarious
260 _bProject Gutenberg,
_c2014
506 _aPublic domain in the USA.
516 _aElectronic text
830 0 _aProject Gutenberg
_v44614
856 4 0 _uhttp://www.gutenberg.org/ebooks/44614
942 _cEB
999 _c273865
_d273865